| 000 | 00401pab a2200145 454500 | ||
|---|---|---|---|
| 008 | 180718b1990 xxu||||| |||| 00| 0 eng d | ||
| 100 | _aGallacher, Margaret | ||
| 245 |
_aThe effects of economic reforms on the library industry _bAn aspect of New Zealand's social experiment |
||
| 260 | _c1990 | ||
| 300 | _a4-7 | ||
| 362 | _aMar. | ||
| 650 | _aLibraries | ||
| 773 | _aPublic Sector | ||
| 909 | _a12909 | ||
| 999 |
_c12909 _d12909 |
||